00853cam a2200229 i 4500001000800000005001700008008004100025010001700066040001800083041000800101080002000109082002000129100000600149101000800155245002900163906004500192942001200237999001700249952011900266952011900385952011900504272516820180213032922.0770223m19769999mdu i 000 0 eng  a 77354047  aDLCcDLCdDLC aeng a617.70016 PAR00a617.70016 PAR a8 aOFT00aClinical ophthalmology : a7bcbccorignewd2encipf19gy-gencatlg 2ddccBK c42330d42330 00102udc40708PËKGa002b002cPËKGd2018-02-13l0o617.70016 PARp002-2999176r2018-02-13w2018-02-13yBK 00102udc40708PËKGa002b002cPËKGd2018-02-13l0o617.70016 PARp002-2999175r2018-02-13w2018-02-13yBK 00102udc40708PËKGa002b002cPËKGd2018-02-13l0o617.70016 PARp002-2999170r2018-02-13w2018-02-13yBK